Statistics for Keith's Celebrity Baby Names

Click here to take the quiz!

General Stats

  • This quiz has been taken 4 times
  • The average score is 5 of 8

Answer Stats

Answer% Correct
Knife
100%
Knot
100%
Klondike
67%
Kock
67%
Krippled
67%
Klimax
33%
Kristean
33%
Krunch
33%

Score Distribution

Percentile by Number Answered

Percent of People with Each Score

Your Score History

You have not taken this quiz